Le quiz de foot ! - Statistiques

Statistiques générales
  • Ce quiz a été pris 122 fois
  • Le résultat moyen est 6 sur 12
Statistiques - réponses
Question Réponse % Correct
Il a 5 coupes du monde a leur actif Brésil
96%
Milieu Francais de Chelsea N'golo Kanté
86%
Combien y a il de tirs au but ? 5
76%
Quelle est la nationalité de Radamel Falcao ? Colombie
65%
Meilleur buteur français de la Champions League Karim Benzema
56%
Nom du président de Lyon Jean Michel Aulas
55%
Vainqueur de la dernière Champions League Real Madrid
52%
Entraineur de Monaco Thierry Henry
26%
Quelle équipe supporte Angélina Jolie ? Liverpool
21%
Vainqueur de la Ligue 1 en 2012 Montpelier
17%
Meilleur buteur du PSG Edison Cavani
3%
Vainqueur de la dernière Ligue Europa Athletico Madrid
1%
Aucun quiz correspondant
Distribution des résultats
% des personnes avec chaque résultat
Percentile par nombre de réponses
Votre historique - résultats
Vous n’avez pas pris ce quiz